| 000 | 00852nam a22002537a 4500 | ||
|---|---|---|---|
| 001 | 3642 | ||
| 003 | FISKH | ||
| 005 | 20240404131400.0 | ||
| 008 | 240402b cb ||||| |||| 00| 0 eng d | ||
| 040 |
_aFISK _beng _cFISK _dFISK |
||
| 050 | _aPZ7.S6795 | ||
| 082 | _a813.54 | ||
| 100 |
_aSnicket, Lemony _d1970- |
||
| 245 |
_aThe reptile room / _cLemony Snicket |
||
| 260 |
_aLondon : _bEgmont Books Limited, _c2010 |
||
| 300 |
_a190 pages : _c21 cm |
||
| 490 |
_aA series of unfortunate events _vBook 2 |
||
| 505 | _aX | ||
| 520 | _aAfter narrowly escaping the menacing clutches of the dastardly Count Olaf, the three Baudelaire orphans are taken in by a kindly herpetologist with whom they live happily for an all-too-brief time. | ||
| 521 | 8 |
_a1040 _bLexile |
|
| 700 | _aLemony Snicket | ||
| 942 |
_2ddc _cBK _n0 |
||
| 999 |
_c3642 _d3642 |
||